Normal view MARC view

Entry Personal Name

Number of records used in: 1

001 - CONTROL NUMBER

  • control field: 47567

003 - CONTROL NUMBER IDENTIFIER

  • control field: dpl

005 - DATE AND TIME OF LATEST TRANSACTION

  • control field: 20120521124725.0

008 - FIXED-LENGTH DATA ELEMENTS

  • fixed length control field: 120521|||a|||||| | ||| d

040 ## - CATALOGING SOURCE

  • Original cataloging agency: dpl
  • Transcribing agency: dpl

100 ## - HEADING--PERSONAL NAME

  • Personal name: खुर्रम शहजाद नूर

670 ## - SOURCE DATA FOUND

  • Source citation: Work cat.: (dpl): खुर्रम शहजाद नूर, सोलह आने सच/, 2012

670 ## - SOURCE DATA FOUND

  • Source citation: Work cat.: (dpl): खुर्रम शहजाद नूर, सोलह आने सच/, 2012

© Delhi Public Library
Hit Counter
free hit counter